| 000 | 02237nam0a2200373 4500 | ||
|---|---|---|---|
| 001 | RU\NLR\bibl\1655496 | ||
| 005 | 20260407233634.0 | ||
| 021 |
_aRU _b2010-45287 _93026 |
||
| 035 | _a(NLR Aleph) 001646797 | ||
| 090 |
_a896537 _c896537 |
||
| 100 | _a20100715d2010 |||y0rusy50 ca | ||
| 101 | 0 |
_arus _aeng |
|
| 102 | _aRU | ||
| 105 | _aa ||||||||| | ||
| 200 | 1 |
_aVIII Международная школа-семинар "Физические основы прогнозирования разрушения горных пород", Санкт-Петербург, 24-29 мая 2010 г. _dVIII International workshop "Physics and forecasting of rock destruction", St. Petersdurg, may 24-29, 2010 _eтезисы докладов _zeng |
|
| 210 |
_aМосква _cИнститут физики Земли _d2010 |
||
| 215 |
_a99 с. _cил., цв. ил. _d29 |
||
| 300 | _aВ надзаг.: Рос. акад. наук, Отд-ние наук о Земле РАН, Отд-ние физ. наук РАН, Физ.-техн. им. А.Ф. Иоффе, Ин-т физики Земли им. О.Ю. Шмидта | ||
| 300 | _aЧасть текста на англ. яз. | ||
| 320 | _aБиблиогр. в конце докл. | ||
| 320 | _aУказ. авт.: с. 98-99 | ||
| 510 | 1 |
_6z01791 _aVIII International workshop "Physics and forecasting of rock destruction", St. Petersdurg, may 24-29, 2010 _eabstracts _zeng |
|
| 606 | 1 |
_aГорные породы _jСъезды, совещания и т.п _xРазрушение _xПрогнозы _9992181 _3RU\NLR\AUTH\66374981 |
|
| 686 | _aД217.111я431(0) | ||
| 686 | _aД340.442я431(0) | ||
| 710 | 1 | 2 |
_a"Физические основы прогнозирования разрушения горных пород", международная школа-семинар _d8 _f2010 _eСанкт-Петербург _3RU\NLR\AUTH\8810159944 _9815476 |
| 791 | 1 | 2 |
_8eng _a"Physics and forecasting of rock destruction", international workshop _d8 _f2010 _eSaint-Petersburg _7ba _3RU\NLR\auth\8810160038 _9815687 |
| 801 | 0 |
_aRU _bNLR _c20100715 _gRCR |
|
| 801 | 1 |
_aRU _bNLR _c20100715 |
|
| 942 | _cBOOK | ||
| 980 | _aNB | ||